Normal view
MARC view
Entry Corporate Name
001 - CONTROL NUMBER
- control field: 43210
003 - CONTROL NUMBER IDENTIFIER
- control field: ARRUPE
005 - DATE AND TIME OF LATEST TRANSACTION
- control field: 20181101124850.0
008 - FIXED-LENGTH DATA ELEMENTS
- fixed length control field: 181101|| aca||aabn | a|a d
040 ## - CATALOGING SOURCE
- Original cataloging agency: ARRUPE
- Transcribing agency: ARRUPE
110 ## - HEADING--CORPORATE NAME
- Corporate name or jurisdiction name as entry element: Catholic Church
- General subdivision: Missions
- Geographic subdivision: Zimbabwe.
670 ## - SOURCE DATA FOUND
- Source citation: Work cat.: (ARRUPE)0: Elsener, Joseph. 43208, Traditional and Christianised rites of accommodating the spirit of the dead :, 2001.